| 000 | 00532nam a22001697a 4500 | ||
|---|---|---|---|
| 005 | 20251108170703.0 | ||
| 008 | 250721s1984 xx 000 0 eng d | ||
| 082 | 1 | 4 | _aR/658.003/AHM |
| 100 | 1 | _aBadawy, Ahmad Zaki | |
| 245 | 1 | 0 |
_aDictionary of Management Sciences : _bEnglish - French - Arabic with an Arabic Glossary and French glossary / |
| 264 | 1 |
_aCairo : _bDar Al Kitab A- Masri, _c1984. |
|
| 300 | _a517p : Arabic & French index | ||
| 650 | 1 | 7 | _aManagement |
| 650 | 1 | 7 | _aDictionaries |
| 942 |
_2ddc _cREF |
||
| 999 |
_c46618 _d46618 |
||